Medios electrn̤icos de pago en el comercio internacional

Detalles Bibliográficos
Autor principal: Madrid Martn̕ez, Claudia
Formato: eBook
Lenguaje:español
Publicado: Caracas: Revista Venezolana de Legislacin̤ y Jurisprudencia, 2018
Materias:
Acceso en línea:Acceso restringido

MARC

LEADER 00000nam a22000007a 4500
005 20220426224519.0
007 cr|||| ||||
008 220426s2018 ve |||||s|||| 00||0 spa d
020 |a 978-980-7561-04-4 
035 |a 36204 
040 |a vLex 
090 |c 13241  |d 13241 
100 1 |a Madrid Martn̕ez, Claudia 
245 1 0 |a Medios electrn̤icos de pago en el comercio internacional  |h [Recurso electrn̤ico] /  |c Claudia Madrid Martn̕ez 
256 |a Servicio en ln̕ea 
260 |a Caracas:  |b Revista Venezolana de Legislacin̤ y Jurisprudencia,  |c 2018 
300 |a 1 recurso electrn̤ico 
506 1 |a Disponible solo en los productos indicados  |d vLex Global  |d vLex Global (Academic Edition, excluding Law Schools)  |d vLex Global (U.S. Academic Edition, Law Schools)  |d vLex Global (U.S. Academic Edition, excluding Law Schools)  |d vLex Global (Academic Edition, Law Schools) 
650 0 4 |a Derecho Internacional  |z Venezuela 
740 0 |a vLex Libros (Servicio en ln̕ea) 
856 4 0 |u https://app.vlex.com/#/sources/36204  |z Acceso restringido 
942 |c BOOK 
999 0 |a International right